Barcelona : is much more : ist viel mehr is much more :
Descripción Física:
1 tríptic : il. col. ; 21 x 10 cm
Materias:
Turisme
MARC
| LEADER | 00000nam a2200000Ia 4500 | ||
|---|---|---|---|
| 001 | 23686 | ||
| 008 | 160829s2012 xx 000 0 cat d | ||
| 080 | |a FU-61-108 | ||
| 245 | |a Barcelona : |b is much more : |b ist viel mehr | ||
| 260 | |a Barcelona : |b Diputació de Barcelona, |c 2012 | ||
| 300 | |a 1 tríptic : |b il. col. ; |c 21 x 10 cm | ||
| 590 | |a Text bilingüe en anglès i alemany. Hi ha un altre exemplar en franco-català amb R. 23685 | ||
| 650 | 0 | |a Turisme |9 49444 | |
| 710 | 1 | |a Barcelona (Catalunya : Província). |b Diputació |9 52408 | |
| 901 | |a Arxiu | ||
| 942 | |n 1 | ||
| 952 | |0 0 |1 0 |4 0 |6 FU61108 |7 1 |9 55333 |a Arxiu |b Arxiu |d 2016-12-01 |l 0 |o FU-61-108 |p 23686 |r 2016-12-01 00:00:00 |w 2016-12-01 |y ARXIU | ||
| 999 | |c 59206 |d 59206 | ||